|
|
|
|
| LEADER |
00910cam a2200253 7i4500 |
| 001 |
0000050310 |
| 005 |
20170218090000.0 |
| 008 |
070910 eng |
| 020 |
|
|
|a 9780201767339
|
| 020 |
|
|
|a 0201767333
|
| 090 |
0 |
0 |
|a HD2755.5
|b .D35 1998
|
| 100 |
1 |
|
|a Daniels, John D
|
| 245 |
1 |
0 |
|a International business :
|b environments and operations
|c John D. Daniels, Lee H. Radebaugh.
|
| 250 |
|
|
|a 8th ed.
|
| 260 |
|
|
|a Reading, Mass.:
|b Addison-Wesley,
|c 1998.
|
| 300 |
|
|
|a xxxvii, 909, [36] p.:
|b ill. (some col., col. maps;
|c 26 cm.
|
| 504 |
|
|
|a Includes bibliographical references and index
|
| 650 |
0 |
0 |
|a Investments, Foreign
|
| 650 |
0 |
0 |
|a International business enterprises
|
| 650 |
0 |
0 |
|a International economic relations
|
| 700 |
1 |
|
|a Radebaugh, Lee H
|
| 997 |
|
|
|a Business & Accountancy, Faculty
|
| 998 |
|
|
|a Finance, Degree
|
| 999 |
|
|
|a 0000058753
|b BOK
|c OPEN SHELF
|e 1st Floor, Shah Alam
|